|
|
|
|
| LEADER |
00753nab a2200205 i 4500 |
| 001 |
misc66077 |
| 005 |
20220928121229.0 |
| 008 |
220401s1927 hu o 0|| ger d |
| 040 |
|
|
|a SZTE Miscellanea Repozitórium
|b hun
|
| 041 |
|
|
|a ger
|
| 100 |
1 |
|
|a Györffy István
|
| 245 |
1 |
4 |
|a Das Bauwesen der Hirten im ungarischen Tiefland
|h [elektronikus dokumentum] /
|c Györffy István
|
| 260 |
|
|
|a Studium
|b Budapest
|c 1927
|
| 300 |
|
|
|a 122 p.
|c 24 cm
|
| 561 |
|
|
|a Németh Gyula hagyaték
|
| 591 |
|
|
|a NOV 2122; 95890; VB 18129
|
| 650 |
|
4 |
|a Társadalomtudományok
|
| 650 |
|
4 |
|a Szociológia
|
| 695 |
|
|
|a Népi építészet - Alföld, Pásztorélet - Magyarország - regionális
|
| 856 |
4 |
0 |
|u http://misc.bibl.u-szeged.hu/66077/1/2122_nov_g88.pdf
|z Dokumentum-elérés
|